Ludo Mentis Aciem - Choipeau - Statistiques

Statistiques générales
  • Ce quiz a été pris 4 fois
  • Le résultat moyen est 18 sur 49
Statistiques - réponses
Hint Réponse % Correct
Isidore Stride Papillombre
75%
Leeroy Campbell Papillombre
75%
Terry Diggle Poufsouffle
75%
Phill Whisper Serpentard
75%
Miranda Dawkins Gryffondor
50%
Griffin Gale Gryffondor
50%
Grayson Gale Gryffondor
50%
Jason Watson Gryffondor
50%
Kate Whisper Papillombre
50%
Teffie Simmons Papillombre
50%
Nestor Curtiss Papillombre
50%
Rose Rosham Papillombre
50%
Robin Roth Papillombre
50%
Tetsuya Matsuda Papillombre
50%
Rachel Fawkes Papillombre
50%
Shako Mchawi Papillombre
50%
Eibhlin Ocearbhail Papillombre
50%
Phyllis Ledger Serdaigle
50%
Mercury Crown Serdaigle
50%
Hygie Smethwyck Serdaigle
50%
Amy Rosier Serpentard
50%
Oswald Dawkins Gryffondor
25%
Scarlett Hodgson Gryffondor
25%
Gregory Gale Gryffondor
25%
Samuel Snitch Gryffondor
25%
Moira Miller Gryffondor
25%
Maggie Dawkins Gryffondor
25%
Gareth Gale Gryffondor
25%
Suzanna Simmons Gryffondor
25%
Penny Ryan Poufsouffle
25%
Joris Juffbiggles Poufsouffle
25%
Eliot Burbage Poufsouffle
25%
Emeric Beckett Serdaigle
25%
Electra Byrne Serdaigle
25%
Gabriel Gale Serdaigle
25%
Ulysse Fawley Serdaigle
25%
Clive Ollivander Serdaigle
25%
Veronica Simmons Serpentard
25%
Lawrence Prince Serpentard
25%
Orpheus Fawley Serpentard
25%
Juno Nightingal Serpentard
25%
Merrick Macnair Serpentard
25%
Morgana Macnair Serpentard
25%
Marvin Ledger Serpentard
25%
Calypso Curtiss Serpentard
25%
Irwin Peakes Gryffondor
0%
Melisandre Inkstone Gryffondor
0%
Fergus Fittles Serdaigle
0%
Dexter Dorxmont Serdaigle
0%
Aucun quiz correspondant
Distribution des résultats
% des personnes avec chaque résultat
Percentile par nombre de réponses
Votre historique - résultats
Vous n’avez pas pris ce quiz